Applied Psychology in Human Resource Management (Record no. 85035)

MARC details
000 -LEADER
fixed length control field 00850nam a22002657a 4500
003 - CONTROL NUMBER IDENTIFIER
control field URS
005 - DATE AND TIME OF LATEST TRANSACTION
control field 20250828100514.0
008 - FIXED-LENGTH DATA ELEMENTS--GENERAL INFORMATION
fixed length control field 250318b ||||| |||| 00| 0 eng d
020 ## - INTERNATIONAL STANDARD BOOK NUMBER
International Standard Book Number 9780136090953
040 ## - CATALOGING SOURCE
Transcribing agency URS
050 ## - LIBRARY OF CONGRESS CALL NUMBER
Classification number HF5549
Item number .C266a 2011
100 ## - MAIN ENTRY--PERSONAL NAME
9 (RLIN) 11327
Personal name Cascio, Wayne F.
245 ## - TITLE STATEMENT
Title Applied Psychology in Human Resource Management
250 ## - EDITION STATEMENT
Edition statement 7th Edition
264 ## - PRODUCTION, PUBLICATION, DISTRIBUTION, MANUFACTURE, AND COPYRIGHT NOTICE
Place of production, publication, distribution, manufacture Upper Saddle River, NJ
Name of producer, publisher, distributor, manufacturer Prentice Hall
Date of production, publication, distribution, manufacture, or copyright notice ©2011
300 ## - PHYSICAL DESCRIPTION
Extent 531 pages.,:
Dimensions 26 cm.
336 ## - CONTENT TYPE
Source rdacontent
Content type term text
337 ## - MEDIA TYPE
Source rdamedia
Media type term unmediated
338 ## - CARRIER TYPE
Source rdacarrier
Carrier type term volume
650 #0 - SUBJECT ADDED ENTRY--TOPICAL TERM
9 (RLIN) 11328
Topical term or geographic name entry element Personnel Management
General subdivision Psychological Aspects
650 #0 - SUBJECT ADDED ENTRY--TOPICAL TERM
9 (RLIN) 11329
Topical term or geographic name entry element Psychology, Industrial
General subdivision Personnel Management -- United States
650 #0 - SUBJECT ADDED ENTRY--TOPICAL TERM
9 (RLIN) 11330
Topical term or geographic name entry element Psychology, Industrial
General subdivision United States
700 ## - ADDED ENTRY--PERSONAL NAME
9 (RLIN) 11331
Personal name Aguinis, Herman
942 ## - ADDED ENTRY ELEMENTS (KOHA)
Source of classification or shelving scheme Library of Congress Classification
Koha item type Reserved Books
Holdings
Withdrawn status Source of classification or shelving scheme Damaged status Not for loan Collection code Home library Current library Date acquired Total Checkouts Full call number Barcode Date last seen Price effective from Koha item type
  Library of Congress Classification     Non-fiction Morong Graduate Library Morong Graduate Library 03/18/2025   HF5549 .C266a 2011 URSMOR-GL-5586 03/18/2025 03/18/2025 Reserved Books

University of Rizal System
Email us at univlibservices@urs.edu.ph

Visit our Website www.urs.edu.ph/library